000 00719cam a2200241 a 4500
001 13411996
005 20180314083708.0
008 031121s2005 caua 001 0 eng
010 _a 2003115773
020 _a053440653X (student ed.)
020 _a0534406548 (instructor's ed.)
035 _a(DLC) 2003115773
040 _aDLC
_cDLC
041 _aeng
080 _a570 ala
082 0 0 _a570 ala
_222
100 1 _a6
101 _azoo
245 1 0 _aAsking about life /
_cAllan J. Tobin, Jennie Dusheck.
906 _a7
_bcbc
_corignew
_d3
_eepcn
_f20
_gy-gencatlg
942 _2ddc
_cBK
999 _c45021
_d45021